000 00708nam a2200241Ia 4500
003 OSt
005 20220918173940.0
006 a|||||r|||| 00| 0
007 ta
008 220917b |||||||| |||| 00| 0 eng d
024 _a9,412
037 _cTextual
040 _aARTS
_cARTS
_beng
041 _2eng
_aeng
082 _a248, H81 (2D)
110 _aSpecial libraries association social science (Committe of)
_948536
245 0 _aPublic adminstration libraries
_b a manual of practice
260 _c1948
650 _aLIBRARY SCIENCE
700 _aSpecial libraries association social science (Committe of)
_948537
942 _h248, H81 (2D)
_cTEXL
_2CC
999 _c151054
_d151054